1945 1799 1720 1306 1282 1270 1825 1268 1909 1243 1642 1183 1451 1451 1776 1367 1509 1750 1617 1312 1737 1483 1198 1644 1229 1442 1841 1667 1675 1112 1344 1169 1646 1081 1977 1161 1977 1275 1395 1282 1806 1496 1351 1940 1279 1475 1531 1477 1565 1439 1953 1255 1245 1103 1450 1265 1110 1903 1924 1486 1895 1827 1607 1602 1863 1713 1643 1744 1498 1529 1233 1203 1556 1804 1949 1682 1252 1268 1813 1030 1913 1490 1712 1443 1081 1157 1767 1658 1468 1802 1752 1260 1993 1863 1399 1480 1637 1867 1204 BCNSPRNW ULIB Ver.6.0+V

เปลี่ยนเป็นภาษาไทย

Change to English
 แสดงรายละเอียดบรรณานุกรม
  กลับหน้าหลัก

Brief Record : Get Marc (ISO 2709) : E-mail record : QR code < ปิดหน้าต่าง
LEADER : 00000nam a2200000Ia 4500
001    13399122396
003     ULIB
008    110523s2551 th a d 000 0 tha d
020    ^a9789749907672
020    9749907671
050  4 ^aPE1645^bพ111พ
245 00 ^aพจนานุกรมอังกฤษ-ไทย/^cโดย พ.เสถบุตร
250    ^acompletely revised & updated edition
260    ^aกรุงเทพฯ :^bNanmeebooks,^c2548
300    ^a1141 หน้า
650  4 ^aภาษาอังกฤษ^vพจนานุกรม^xภาษาไทย
945    ^p695^l0^i15292
995    ^aทศพร
999 ^a ใช้งานได้ทุกระบบ
รายการนี้ยังไม่มีแท็ก
คุณยังไม่ได้ล็อกอิน คุณสามารถมีกิจกรรมร่วมกับเว็บไซต์ได้ แต่ต้องล็อกอินก่อน ::
  ล็อกอิน

รายการสื่อสารสนเทศ

ลำดับที่ ประเภท เลขเรียก/บาร์โค้ด สถานที่ สถานะ
1. การศึกษาทั่วไป
การศึกษาทั่วไป
PE1645 พ111พ ฉ.1 
  Barcode: 15292
ห้องสมุดวิทยาเขตสวรรค์ประชารักษ์
►หนังสือทั่วไป
บนชั้น

BibComment


ยังไม่เคยถูกคอมเมนท์

คอมเมนท์ทรัพยากรรายการนี้
  คอมเมนท์: พจนานุกรมอังกฤษไ..


 Copyright 2026. Bcnsprnw @Library